Gaming Quiz

Random Gaming Quiz

Chess Pieces and Their Values Quiz Stats

 Plays Quiz not verified by Sporcle

Challenge
Share
Tweet
Embed
Score 0/6 Timer 01:00
0 Plays Today
Piece Value (in pawns) -- Type 'none' if n/a % Correct
Pawn1
95.4%
Rook5
94.9%
Knight3
94.9%
Bishop3
94.2%
Queen9
89.8%
Kingnone
77.7%

You're not logged in!

Compare scores with friends on all Sporcle quizzes.
OR
Log In

You Might Also Like...

Show Comments

Extras

Created Oct 5, 2010SourceReportNominate
Tags:chess, pawn, piece

Top Quizzes Today


Score Distribution

Your Account Isn't Verified!

In order to create a playlist on Sporcle, you need to verify the email address you used during registration. Go to your Sporcle Settings to finish the process.

Report this User

Report this user for behavior that violates our Community Guidelines.

Details: